| 000 | 00538nam a22001457a 4500 | ||
|---|---|---|---|
| 999 |
_c533665 _d533665 |
||
| 008 | 260609b ||||| |||| 00| 0 eng d | ||
| 100 |
_aSaghar, Amol _961149 |
||
| 245 | _aA new history of India for children from its origins to the twenty first century | ||
| 260 | _aThe Book Review | ||
| 300 | _a49(11), Nov, 2025: p.17-18 | ||
| 520 | _aRudrangshu Mukherjee, Shobita Punja and Toby Sinclair Aleph Book company 2025, xxi+295.00. Rs.499.00. – Reproduced | ||
| 773 | _aThe Book Review | ||
| 906 | _aBOOK REVIEW | ||
| 942 | _cAR | ||